Room temperature curing systems for Natural rubber (Record no. 43324)

MARC details
000 -LEADER
fixed length control field 00338nam a2200121Ia 4500
082 ## - DEWEY DECIMAL CLASSIFICATION NUMBER
Classification number NR:62+678.02
Item number SIN
100 ## - MAIN ENTRY--AUTHOR NAME
Personal name Sin Siew Weng
245 #0 - TITLE STATEMENT
Title Room temperature curing systems for Natural rubber
260 ## - PUBLICATION, DISTRIBUTION, ETC. (IMPRINT)
Place of publication Malaysia
Name of publisher RRIM
Year of publication 1978
490 ## - SERIES STATEMENT
Series statement Technology Series Report 9
942 ## - ADDED ENTRY ELEMENTS (KOHA)
Koha item type Books
Holdings
Withdrawn status Lost status Damaged status Not for loan Home library Current library Date acquired Source of acquisition Full call number Accession Number Koha item type
        RRII Library RRII Library 16/12/2021 Gift NR:62+678.02 SIN G00046 Books